IFM Opac

Money for exports (Record no. 15076)

MARC details
000 -LEADER
fixed length control field 00329nam a22001337a 4500
020 ## - INTERNATIONAL STANDARD BOOK NUMBER
International Standard Book Number 0 903312 16 6
082 ## - DEWEY DECIMAL CLASSIFICATION NUMBER
Classification number 332.450942MON
245 ## - TITLE STATEMENT
Title Money for exports
260 ## - PUBLICATION, DISTRIBUTION, ETC.
Place of publication, distribution, etc. England
Name of publisher, distributor, etc. Bemrose and sons
Date of publication, distribution, etc. 1979
300 ## - PHYSICAL DESCRIPTION
Extent vii,102p
Other physical details ill,:25cm
500 ## - GENERAL NOTE
General note Include Appendix and Index
650 ## - SUBJECT ADDED ENTRY--TOPICAL TERM
Topical term or geographic name entry element Money for exports
942 ## - ADDED ENTRY ELEMENTS (KOHA)
Koha item type Books
Holdings
Withdrawn status Lost status Source of classification or shelving scheme Damaged status Not for loan Home library Current library Shelving location Date acquired Full call number Barcode Date last seen Price effective from Koha item type
    Dewey Decimal Classification     IFM Main Campus Library IFM Main Campus Library   01/27/2016 332.450942MON 0000005108 01/27/2016 01/27/2016 Books